| 000 | 00851nam a2200229 a 4500 | ||
|---|---|---|---|
| 001 | 39022 | ||
| 003 | BD-RjUL | ||
| 005 | 20211209052912.0 | ||
| 008 | 160404b2016 bg a|||e |||| 00| 0 ben d | ||
| 020 |
_a9789849120445 _cTk. 250.00 |
||
| 035 | _a(BD-RjUL)39133 | ||
| 040 |
_aBD-RjUL _bben _cBD-RjUL |
||
| 041 | _aben | ||
| 082 |
_223 _a891.443 _bQAJ 2016 |
||
| 100 |
_aচৌধুরী, কাইয়ুম _9120471 |
||
| 245 | 1 | 0 |
_aজীবনে আমার যত আনন্দ / _cকাইয়ুম চৌধুরী. |
| 260 |
_aঢাকা : _bপ্রথমা প্রকাশন, _c২০১৬. |
||
| 300 |
_a১৩৬ পৃ. : _bচিত্র. ; _c২৩ সেমি. |
||
| 650 |
_aবাংলা সাহিত্য _vউপন্যাস _9116625 |
||
| 650 |
_aBengali Literature _vFiction _9116655 |
||
| 942 |
_2ddc _cBK |
||
| 999 |
_c39022 _d39022 |
||